| 000 | 00425nam a2200145Ia 4500 | ||
|---|---|---|---|
| 008 | 230917s9999||||xx |||||||||||||| ||und|| | ||
| 040 |
_e136018 _aMAIN |
||
| 041 | _aEnglish | ||
| 082 | _a030.954 I2I(1985) | ||
| 100 | _aIndia, Ministry of Information & Broadcasting | ||
| 245 | 0 | _aIndia 1985: A reference annual | |
| 260 |
_aNew Delhi _bIndia, Ministry of Information & Broadcasting _c1985 |
||
| 300 | _a777 p. | ||
| 942 | _cBK | ||
| 999 |
_c53300 _d53300 |
||